[Event "C.to Mondiale U14 femminile"]
[Site "Kallithea GRE"]
[Date "2003.10.24"]
[Round "2"]
[White "Nebolsina, Vera"]
[Black "Castellano, Fulvia"]
[Result "1-0"]
[WhiteElo "2073"]
[BlackElo "1612"]
[PlyCount "43"]
[EventDate "2003.10.23"]

1. e4 c5 2. Nf3 e6 3. d3 Nc6 4. g3 d5 5. Nbd2 Bd6 6. Bg2 Nge7 7. O-O d4 8. Nc4
e5 9. Nxd6+ Qxd6 10. Nd2 b5 11. a4 b4 12. f4 O-O 13. Nc4 Qc7 14. fxe5 Nxe5 15.
Nxe5 Qxe5 16. Bf4 Qe6 17. Qh5 Qb6 18. e5 Nd5 19. Be4 g6 20. Qh6 f5 21. exf6
Rxf6 22. Bxd5+ 1-0